000 00375pam a2200145a 44500
008 230405s2006 xxu||||| |||| 00| 0 eng d
041 _aENG
100 _aSACHDEVA R. C.
245 _aFUNDAMENTALS OF ENGINEERING HEAT & MASS TRANSFER
260 _aNEW DELHI
_bNEW AGE INTERNATIONAL PUB
_c2006
300 _aP.B,XX,745
650 _aMECH
690 _aMECH
906 _a2272
999 _c816467
_d816467